000
00311nam a22001457a 4500
008
221010b ||||| |||| 00| 0 eng d
020
_a
9780078023781
041
_a
eng
080
_a
34
082
_a
34 KUB
100
_a
31.2
101
_a
JUR
245
_a
DYNAMIC BUSINESS LAW
_c
KUBASEK
942
_2
udc
_c
BK
999
_c
58452
_d
58452